000 00749cab a2200253 4500
001 ABS53831
008 090401t1995 xxu||||| |||| 00| 0 eng d
035 _a(Sirsi) u6802
041 _aeng
100 _aCollar, N.
245 _aPlanning and the Court of Session: Strathclyde Structure Plan update 1992
260 _c1995
350 _a0
490 _aProperty Law
_v(17) October 1995, 8-10(3)
520 _aLooks at the role of the Court of Session in the Scottish planning system.
650 _aCOURT OF SESSION
650 _aPLANNING LAW
650 _aSCOTLAND
650 _aSTRUCTURE PLANS
650 _aTOWN AND COUNTRY PLANNING (SCOTLAND) ACT 1972
690 _aPLANNING LAW AND PRACTICE
942 _n0
948 _c04/03/1997
999 _c4044
_d4044